Top Ten Movie Composers of All Time - Statistics

General Stats
  • This quiz has been taken 86 times
  • The average score is 6 of 11
Answer Stats
Movies Composer % Correct
Indiana Jones, Star Wars, E.T., Jaws, Superman John Williams
99%
Pirates of the Caribbean, Dark Knight Trilogy, Inception Hans Zimmer
89%
The Untouchables, The Good, Bad, and Ugly, A Fistful of Dollars Ennio Morricone
71%
The Lord of the Rings, The Hobbit, Hugo, The Twilight Saga Howard Shore
67%
Titanic, Avatar, Braveheart, For Greater Glory, Southpaw, The Amazing Spiderman James Horner
60%
Forrest Gump, Back to the Future, Polar Express, Cast Away, Captain America, Night at the Museum Alan Silvestri
55%
Batman, Men In Black, Avengers, Fifty Shades of Grey, Planet of the Apes Daniel Elfman
55%
King Kong, Sixth Sense, Maleficent, Last Airbender, Signs, Fantastic Beasts and Where to Find Them James Newton Howard
52%
Goldfinger, Dr. No, On Her Majesty's Secret Service, From Russia With Love, Thunderball, King Kong, Octopussy John Barry
44%
Star Trek, Rambo, Mulan, The Mummy, Air Force One, Psycho II, Alien Jerry Goldsmith
37%
Terminator Series Brad Fiedel
18%
No matching quizzes found
Score Distribution
Percent of People with Each Score
Percentile by Number Answered
Your Score History
You have not taken this quiz